000
00264nam a22001217a 4500
082
_a
294.59218 LOK
100
_a
Lokeswarananda
245
_a
Mundaka Upanisad
260
_a
Kolkata
_b
Ramakrisna Mission
_c
1994
300
_a
139
650
_a
Upanisad
942
_c
BK
999
_c
20004
_d
20004